Les pays qui visitent le Pérou le plus - Statistiques

Statistiques générales
  • Ce quiz a été pris 439 fois
    437 depuis la dernière actualisation
  • Le résultat moyen est 9 sur 10
Statistiques - réponses
No.visiteurs Pays % Correct
445,745 États-Unis
98%
144,000 Brésil
97%
117,000 France
97%
142,000 Argentine
95%
874,000 Chili
94%
150,000 Colombie
92%
80,000 Espagne
88%
174,000 Equateur
87%
66,000 Allemagne
83%
66,000 Royaume-Uni
81%
Aucun quiz correspondant
Distribution des résultats
% des personnes avec chaque résultat
Percentile par nombre de réponses
Votre historique - résultats
Vous n’avez pas pris ce quiz depuis la dernière actualisation